Genetic complementation /

Bibliographic Details
Main Author: Fincham, J. R. S.
Format: Book
Language:English
Published: New York : W.A. Benjamin, 1966.
Series:Microbial and molecular biology series.
Subjects:

MARC

Tag First Indicator Second Indicator Subfields
LEADER 00000cam a2200000 4500
001 in00000048450
005 20151007071618.0
008 720211s1966 nyua b 00010 eng u
010 |a  66010908  
035 |a (OCoLC)00239023 
035 |9 AAE6303AM 
040 |c CDC  |d TXA  |d UtOrBLW 
049 |a TXAM  |c [455274] 
050 0 |a QH431  |b .F55 
092 |a 575.1  |b F492g, 1966 
100 1 |a Fincham, J. R. S. 
245 1 0 |a Genetic complementation /  |c [by] J. R. S. Fincham. 
264 1 |a New York :  |b W.A. Benjamin,  |c 1966. 
300 |a xii, 143 pages :  |b illustrations ;  |c 24 cm. 
336 |a text  |b txt  |2 rdacontent 
337 |a unmediated  |b n  |2 rdamedia 
338 |a volume  |b nc  |2 rdacarrier 
490 1 |a Microbial and molecular biology series 
504 |a Bibliography: pages 127-138. 
650 0 |a Complementation (Genetics) 
830 0 |a Microbial and molecular biology series. 
999 |a MARS 
999 f f |s 4efc5ecf-387f-3abd-ab38-857e73ca52cb  |i 52fb4e52-10c8-3d37-a832-5762ce243b79  |t 0 
952 f f |p ric  |a Texas A&M University  |b Rellis Campus  |c Joint Library Facility  |d Remote Storage  |t 0  |e QH431 .F55  |h Library of Congress classification  |i unmediated -- volume  |m A14800978438 
998 f f |a QH431 .F55  |t 0  |l Remote Storage